Data communications and networking / (Record no. 6635)

MARC details
000 -LEADER
fixed length control field 01112nac a22002771u 4500
010 ## - LIBRARY OF CONGRESS CONTROL NUMBER
LC control number 2003011267
020 ## - INTERNATIONAL STANDARD BOOK NUMBER
International Standard Book Number 0072515848 (alk. paper)
082 00 - DEWEY DECIMAL CLASSIFICATION NUMBER
Classification number 004.6
Item number FOR
090 ## - LOCALLY ASSIGNED LC-TYPE CALL NUMBER (OCLC); LOCAL CALL NUMBER (OCLC)
-- 6635
-- 6635
100 ## - MAIN ENTRY--PERSONAL NAME
Personal name Forouzan, Behrouz A.
245 10 - TITLE STATEMENT
Title Data communications and networking /
Statement of responsibility, etc Behrouz A. Forouzan with Sophia Chung Fegan.
250 ## - EDITION STATEMENT
Edition statement 3rd ed.
260 ## - PUBLICATION, DISTRIBUTION, ETC. (IMPRINT)
Place of publication, distribution, etc Dubuque, Iowa :
Name of publisher, distributor, etc McGraw-Hill Higher Education,2004
Date of publication, distribution, etc 2004.
300 ## - PHYSICAL DESCRIPTION
Extent xxxiv, 973 p. :
Other physical details ill. ;
Dimensions 24 cm.
440 #0 -
-- McGraw-Hill Forouzan networking series
500 ## - GENERAL NOTE
General note Includes index.
500 ## - GENERAL NOTE
General note distributer: Al-Ahram
511 ## - PARTICIPANT OR PERFORMER NOTE
Participant or performer note catalogued by: wessam
650 #0 - SUBJECT ADDED ENTRY--TOPICAL TERM
Topical term or geographic name as entry element Data transmission systems.
650 #0 - SUBJECT ADDED ENTRY--TOPICAL TERM
Topical term or geographic name as entry element Computer networks.
700 1# - ADDED ENTRY--PERSONAL NAME
Personal name Fegan, Sophia Chung.
856 42 - ELECTRONIC LOCATION AND ACCESS
Materials specified Publisher description
Uniform Resource Identifier <a href="http://www.loc.gov/catdir/enhancements/fy0701/2003011267-d.html">http://www.loc.gov/catdir/enhancements/fy0701/2003011267-d.html</a>
856 42 - ELECTRONIC LOCATION AND ACCESS
Materials specified Table of contents only
Uniform Resource Identifier <a href="http://www.loc.gov/catdir/enhancements/fy0701/2003011267-t.html">http://www.loc.gov/catdir/enhancements/fy0701/2003011267-t.html</a>
942 ## - ADDED ENTRY ELEMENTS (KOHA)
Item type Book - Borrowing
Call number prefix 004.6FOR
Holdings
Withdrawn status Item status Damaged status Not for loan Home library Current library Shelving location Date acquired Source of acquisition Total Checkouts Total Renewals Full call number Barcode Date last seen Date last borrowed Koha item type
        Central Library Central Library Lower Floor 28/11/2007 Purchase 3 31 004.6FOR 000008312 15/07/2025 07/03/2018 Book - Borrowing